Statystyki dla Wszystkie miasta Polski na literę N

Kliknij tutaj aby rozwiązać quiz!

Ogólne statystyki

  • Ten quiz został rozwiązany 473 razy
  • Średni wynik to 25 z 38

Statystyki odpowiedzi

WojewództwoPopulacjaMiasto% Poprawnych
małopolskie83558Nowy Sącz
93%
opolskie43356Nysa
90%
małopolskie33257Nowy Targ
89%
kujawsko-pomorskie5724Nowe
87%
kujawsko-pomorskie18026Nakło nad Notecią
86%
lubuskie38191Nowa Sól
86%
opolskie16622Namysłów
84%
wielkopolskie14319Nowy Tomyśl
84%
mazowieckie1644Nowe Miasto
82%
mazowieckie28691Nowy Dwór Mazowiecki
82%
warmińsko-mazurskie13547Nidzica
81%
podkarpackie15193Nisko
79%
pomorskie9862Nowy Dwór Gdański
75%
lubelskie3727Nałęczów
73%
warmińsko-mazurskie10709Nowe Miasto Lubawskie
73%
małopolskie14022Niepołomice
70%
zachodniopomorskie16448Nowogard
69%
dolnośląskie21643Nowa Ruda
64%
mazowieckie3672Nowe Miasto nad Pilicą
59%
podlaskie2150Nowogród
58%
opolskie6223Niemodlin
57%
kujawsko-pomorskie1834Nieszawa
57%
mazowieckie7650Nasielsk
56%
podkarpackie11006Nowa Dęba
56%
małopolskie1654Nowe Brzesko
53%
pomorskie4226Nowy Staw
53%
lubuskie2724Nowe Miasteczko
52%
podkarpackie5740Nowa Sarzyna
50%
świętokrzyskie1356Nowa Słupia
50%
dolnośląskie4263Nowogrodziec
48%
małopolskie2763Nowy Wiśnicz
48%
podkarpackie2040Narol
47%
dolnośląskie2932Niemcza
47%
wielkopolskie4744Nowe Skalmierzyce
47%
wielkopolskie3851Nekla
46%
zachodniopomorskie1178Nowe Warpno
46%
świętokrzyskie904Nowy Korczyn
46%
lubuskie5060Nowogród Bobrzański
45%

Rozkład punktacji

Percentyl według liczby udzielonych odpowiedzi

Procent ludzi z każdym wynikiem

Twoja historia wyników

Nie rozwiązałeś tego quizu